Việt Nam cương mục tiết yếu

Đây là công trình nghiên cứu về điển chương chế độ của các triều đại, về địa danh lịch sử, về sự biến động lãnh thổ qua các thời kỳ lịch sử. Đồng thời nêu lên những nguyên nhân thịnh suy, hưng vong của các triều đại....

תיאור מלא

שמור ב:
מידע ביבליוגרפי
מחבר ראשי: Đặng Xuân Bảng
פורמט: ספר
שפה:Undetermined
יצא לאור: Hà Nội KHXH 2000
נושאים:
תגים: הוספת תג
אין תגיות, היה/י הראשונ/ה לתייג את הרשומה!
Thư viện lưu trữ: Trung tâm Học liệu Trường Đại học Cần Thơ
LEADER 00917nam a2200205Ia 4500
001 CTU_36468
008 210402s9999 xx 000 0 und d
020 |b 180.000đ 
082 |a 959.7 
082 |b B106 
100 |a Đặng Xuân Bảng 
245 0 |a Việt Nam cương mục tiết yếu 
245 0 |c Đặng Xuân Bảng, Hoàng Văn Lâu 
260 |a Hà Nội 
260 |b KHXH 
260 |c 2000 
520 |a Đây là công trình nghiên cứu về điển chương chế độ của các triều đại, về địa danh lịch sử, về sự biến động lãnh thổ qua các thời kỳ lịch sử. Đồng thời nêu lên những nguyên nhân thịnh suy, hưng vong của các triều đại. 
650 |a vietnam - history 
904 |i Minh, 000505 
980 |a Trung tâm Học liệu Trường Đại học Cần Thơ